000 00295nam a22001337a 4500
008 170925b xxu||||| |||| 00| 0 eng d
020 _a9780313312267
041 _aeng
080 _a37
100 _a46
101 _aEDU
245 _aISSUES IN WEB-BASED PEDAGOGY
_cCOLE,R.A
942 _2udc
_cBK
999 _c29546
_d29546